000 00654cam a2200205 4500500
005 20260405002906.0
041 _afre
042 _adc
100 1 0 _aPortevin, Catherine
_eauthor
245 0 0 _aComment gouverner un peuple-roi? Traité nouveau d’art politique
260 _c2019.
500 _a16
690 _aDémocratie
690 _aGouvernement
690 _aMichel Eltchaninoff
690 _aPeuple
690 _aPierre-Henri Tavoillot
786 0 _nPhilosophie magazine | 127 | 3 | 2019-03-01 | p. 53-53 | 1951-1787
856 4 1 _uhttps://shs.cairn.info/magazine-philosophie-magazine-2019-3-page-53?lang=fr&redirect-ssocas=7080
999 _c2062194
_d2062194